000 00542nam a2200217Ia 4500
003 0100
008 130307s9999 xx 000 0 und d
020 _a0791450120
040 _cARRUPELIB
050 _aJC574.D63 2001
100 _aDombrowski, Daniel A
245 _aRawls and religion
245 _bthe case for political liberalism
260 _aAlbany :
260 _bState University of New York Press
260 _cc2001.
300 _axii
300 _b192 p. 24 cm.
650 _bSpiritual exercises--Text
942 0 0 _02
999 _c99796
_d99796